[Event "Who wants to live forever? (<2000)"]
[Site "SchemingMind.com"]
[Date "2009.06.01"]
[Round "-"]
[White "aadaam"]
[Black "staunton64"]
[Result "1-0"]
[WhiteCountry "INT"]
[BlackCountry "FRA"]
[WhiteElo "1748"]
[WhiteRD "47"]
[BlackElo "1646"]
[BlackRD "67"]
[GameID "206862"]

1. d4 Nf6 2. c4 e6 3. Nc3 Bb4 4. a3 Bxc3+ 5. bxc3 c5 6. e3 O-O 7. Bd3 Nc6 8. Ne2 b6 9. e4 Ba6 10. e5 Ne8
11. Be3 Na5 12. Qc2 f5 13. dxc5 Nxc4 14. Bxc4 Bxc4 15. O-O Qh4 16. cxb6 axb6 17. Bxb6 Qe7 18. Rfe1 Rxa3 19. Rad1 d6 20. exd6 Qd7
21. Nf4 Nf6 22. Bc5 Ra2 23. Qb1 Qc6 24. Nxe6 Bxe6 25. Rxe6 Ne4 26. Qxa2 Nxc3 27. Qb3 Nxd1 28. Re8+
1-0

[Event "Who wants to live forever? (<2000)"]
[Site "SchemingMind.com"]
[Date "2009.06.01"]
[Round "-"]
[White "staunton64"]
[Black "aadaam"]
[Result "0-1"]
[WhiteCountry "FRA"]
[BlackCountry "INT"]
[WhiteElo "1646"]
[WhiteRD "67"]
[BlackElo "1748"]
[BlackRD "47"]
[GameID "206863"]

1. c4 Nf6 2. g3 e5 3. Bg2 c6 4. Nc3 Be7 5. Nf3 d6 6. O-O O-O 7. Qc2 Qc7 8. e3 Be6 9. b3 Nbd7 10. d4 exd4
11. Nxd4 Rae8 12. Nxe6 fxe6 13. f4 d5 14. Qd3 a6 15. Bb2 Bc5 16. Kh1 Rf7 17. Rac1 Ng4 18. cxd5 exd5 19. Rce1 Nxe3 20. Rf3 Rfe7
21. Bh3 Nf6 22. Na4 Ba7 23. Bd4 Bxd4 24. Qxd4 Nc2 25. Rxe7 Qxe7 26. Qd3 Ne1 27. Qf1 Nxf3 28. Qxf3 Qe1+ 29. Qf1 Qd2 30. Qf3 Re1+
31. Bf1 Ng4
0-1

[Event "Who wants to live forever? (<2000)"]
[Site "SchemingMind.com"]
[Date "2009.06.05"]
[Round "-"]
[White "PStuart"]
[Black "staunton64"]
[Result "1-0"]
[WhiteCountry "USA"]
[BlackCountry "FRA"]
[WhiteElo "1838"]
[WhiteRD "102"]
[BlackElo "1646"]
[BlackRD "67"]
[GameID "207389"]

1. d4 Nf6 2. Nf3 e6 3. Bf4 Nc6 4. c3 Be7 5. e3 O-O 6. h3 d5 7. Bd3 Bd6 8. Ne5 g6 9. Nd2 Bxe5 10. Bxe5 Nxe5
11. dxe5 Nd7 12. f4 f6 13. Nf3 fxe5 14. fxe5 Nc5 15. O-O b6 16. Qc2 Qe7 17. Rae1 c6 18. e4 dxe4 19. Bxe4 Nxe4 20. Qxe4 Bb7
21. Qe3 Rf5 22. Rd1 Raf8 23. Nd4 Rxf1+ 24. Rxf1 Rxf1+ 25. Kxf1 Ba6+ 26. Kf2 c5 27. Nf3 Bc4 28. a3 Qd7 29. Ng5 Bb3 30. Ne4 Qd1
31. Nf6+ Kg7 32. Qf4 Qc2+ 33. Kg3 Qxb2 34. Ne8+ Kg8 35. Qf6 Qxc3+ 36. Kh2
1-0

[Event "Who wants to live forever? (<2000)"]
[Site "SchemingMind.com"]
[Date "2009.06.05"]
[Round "-"]
[White "PStuart"]
[Black "aadaam"]
[Result "1-0"]
[WhiteCountry "USA"]
[BlackCountry "INT"]
[WhiteElo "1838"]
[WhiteRD "102"]
[BlackElo "1748"]
[BlackRD "47"]
[GameID "207390"]

1. d4 Nf6 2. Nf3 d5 3. Bf4 e6 4. e3 c5 5. c3 cxd4 6. exd4 Nc6 7. Bd3 Bd7 8. O-O Be7 9. h3 Qb6 10. Qb3 Qxb3
11. axb3 O-O 12. Nbd2 a6 13. Rfe1 h6 14. b4 g5 15. Bh2 Kg7 16. Ne5 Rae8 17. Nxd7 Nxd7 18. b5 axb5 19. Bxb5 Ra8 20. Bxc6 bxc6
21. b4 Nb6 22. Nb3 Nc4 23. Bc7 Kg6 24. Na5 Nxa5 25. bxa5 Rfc8 26. Bb6 c5 27. Reb1 c4 28. a6 Rc6 29. a7 f5 30. Bc5 Bxc5
31. dxc5 Rxc5 32. Rb8 Rc8 33. Rxc8 Rxc8 34. a8=Q Rxa8 35. Rxa8 h5 36. Kf1 f4 37. Ke2 Kf5 38. Rf8+ Ke5 39. Rd8 g4 40. hxg4 hxg4
41. f3 g3 42. Kd2
1-0

[Event "Who wants to live forever? (<2000)"]
[Site "SchemingMind.com"]
[Date "2009.06.05"]
[Round "-"]
[White "staunton64"]
[Black "PStuart"]
[Result "1/2-1/2"]
[WhiteCountry "FRA"]
[BlackCountry "USA"]
[WhiteElo "1646"]
[WhiteRD "67"]
[BlackElo "1838"]
[BlackRD "102"]
[GameID "207391"]

1. c4 c6 2. Nc3 d5 3. cxd5 cxd5 4. d4 Nf6 5. g3 Bf5 6. Bg2 e6 7. Bg5 Be7 8. Nf3 Nbd7 9. O-O O-O 10. Rc1 Rc8
11. Nh4 Bg6 12. Nxg6 hxg6 13. Bd2 Nb6 14. e4 dxe4 15. Nxe4 Nbd5 16. Bg5 Nxe4 17. Bxe7 Qxe7 18. Bxe4 Qd7 19. Qd2 Rc6 20. Rxc6 Qxc6
21. Rc1 Qd7 22. a3 Rc8 23. Rxc8+ Qxc8= 24. Bxd5 exd5 25. Qa5 Qc1+ 26. Kg2 Qxb2 27. Qxd5 Qxa3 28. Qxb7 Qd3 29. Qxa7 Qe4+ 30. Kh3 Qf5+
31. Kg2 Qe4+ 32. Kh3 Qf5+ 33. Kg2 Qe4+ 34. f3 Qe2+ 35. Kh3 Qxf3 36. Qb8+ Kh7 37. Qf4 Qd5 38. g4 Kg8 39. Kg3 Kf8 40. Qb8+ Ke7
41. Qc7+ Ke6 42. Qc8+ Ke7 43. Qc7+ Ke6 44. Qb6+ Ke7=
1/2-1/2

[Event "Who wants to live forever? (<2000)"]
[Site "SchemingMind.com"]
[Date "2009.06.05"]
[Round "-"]
[White "aadaam"]
[Black "PStuart"]
[Result "0-1"]
[WhiteCountry "INT"]
[BlackCountry "USA"]
[WhiteElo "1677"]
[WhiteRD "50"]
[BlackElo "1667"]
[BlackRD "159"]
[GameID "207392"]

1. d4 d5 2. c4 c6 3. cxd5 Qxd5 4. Nc3 Qd8 5. Nf3 Nf6 6. Bg5 Bf5 7. Bxf6 exf6 8. e3 Bb4 9. Qb3 Qb6 10. Bc4 Bxc3+
11. bxc3 Qxb3 12. axb3 Be6 13. Bxe6 fxe6 14. Ke2 Nd7 15. c4 Nb6 16. Rhd1 Ke7 17. c5 Nd5 18. e4 Nc3+
0-1

[Event "Who wants to live forever? (<2000)"]
[Site "SchemingMind.com"]
[Date "2009.06.05"]
[Round "-"]
[White "lea_dc"]
[Black "PStuart"]
[Result "0-1"]
[WhiteCountry "ARG"]
[BlackCountry "USA"]
[WhiteElo "1708"]
[WhiteRD "90"]
[BlackElo "1838"]
[BlackRD "102"]
[GameID "207398"]

1. e4 c6 2. d4 d5 3. Nc3 dxe4 4. Nxe4 Bf5 5. Ng3 Bg6 6. h4 h6 7. h5 Bh7 8. Bd3 Bxd3 9. Qxd3 Qc7 10. Nf3 Nd7
11. O-O Ngf6 12. Be3 e6 13. c4 Be7 14. Rad1 O-O 15. Rd2 Ng4 16. Rfd1 Nxe3 17. Qxe3 Nf6 18. Ne5 Rfd8 19. Qe2 Bd6 20. c5 Bxe5
21. dxe5 Nd5 22. Qe4 Qa5 23. Qc4 Qc7 24. Qd4 a5 25. Ne4 Qe7 26. Nd6 Rd7 27. Nc4 Rdd8 28. Nd6 Rd7 29. Qg4 Rc7 30. Rd3 Qf8
31. Rg3 Ne7 32. Rd4 Nd5 33. Qf3 Rd8 34. Qd3 f5 35. Rg6 Re7 36. Qg3 Kh8 37. Ra4 Ra8 38. Rag4 fxg4
0-1

[Event "Who wants to live forever? (<2000)"]
[Site "SchemingMind.com"]
[Date "2009.06.05"]
[Round "-"]
[White "lea_dc"]
[Black "staunton64"]
[Result "0-1"]
[WhiteCountry "ARG"]
[BlackCountry "FRA"]
[WhiteElo "1659"]
[WhiteRD "89"]
[BlackElo "1669"]
[BlackRD "70"]
[GameID "207399"]

1. e4 c5 2. Nf3 Nc6 3. d4 cxd4 4. Nxd4 Nf6 5. Nc3 a6 6. Bc4 d6 7. O-O g6 8. Bg5 Bg7 9. f4 Qb6 10. Ne2 Nxe4
11. c3 Nxg5 12. fxg5 O-O 13. Kh1 Qc5 14. Bb3 Qxg5 15. Nxc6 bxc6 16. Nd4 Bb7 17. Rf2 c5 18. Nf3 Qh5 19. Qe2 Bxf3 20. Qxf3 Qxf3
21. Rxf3 e6 22. Raf1 d5 23. Bd1 c4 24. b3 cxb3 25. axb3 Rac8 26. Be2 Rxc3 27. Bxa6 Rxf3 28. Rxf3 Ra8 29. Bb7 Ra1+
0-1

[Event "Who wants to live forever? (<2000)"]
[Site "SchemingMind.com"]
[Date "2009.06.05"]
[Round "-"]
[White "lea_dc"]
[Black "aadaam"]
[Result "0-1"]
[WhiteCountry "ARG"]
[BlackCountry "INT"]
[WhiteElo "1659"]
[WhiteRD "89"]
[BlackElo "1777"]
[BlackRD "50"]
[GameID "207400"]

1. e4 e6 2. d4 d5 3. Nc3 Bb4 4. e5 c5 5. a3 Bxc3+ 6. bxc3 Qc7 7. f4 Ne7 8. Nf3 b6 9. Bd3 Ba6 10. O-O Bxd3
11. Qxd3 c4 12. Qe2 Nd7 13. Ng5 h6 14. Qh5 g6 15. Qh3 Nf5 16. g4 Ng7 17. a4 Nf8 18. Ba3 O-O-O 19. Rfb1 Nh7 20. Nxh7 Rxh7
21. a5 Kd7 22. axb6 axb6 23. Bd6 Qb7 24. Qh4 Ne8 25. Rxb6 Qxb6 26. Qe7+ Kc6 27. Bc5 Qc7 28. Ra6+ Kb5 29. Rb6+ Ka5 30. Qh4 Rb8
31. Rxb8 Qxb8 32. Qe1 Qb2 33. h3 Nc7 34. Qh4 Qc1+ 35. Kg2 Qxc2+ 36. Kg1 Rh8 37. Bb4+ Ka4 38. Qe7 Nb5 39. Qc5 Ra8 40. Qc6 Ra7
0-1

[Event "Who wants to live forever? (<2000)"]
[Site "SchemingMind.com"]
[Date "2009.06.05"]
[Round "-"]
[White "PStuart"]
[Black "lea_dc"]
[Result "1-0"]
[WhiteCountry "USA"]
[BlackCountry "ARG"]
[WhiteElo "1838"]
[WhiteRD "102"]
[BlackElo "1708"]
[BlackRD "90"]
[GameID "207401"]

1. d4 d5 2. Nf3 Nf6 3. Bf4 e6 4. e3 Nbd7 5. Bd3 c5 6. c3 Be7 7. h3 O-O 8. O-O Re8 9. Nbd2 Nf8 10. Ne5 Bd6
11. Ndf3 Qc7 12. Qe2 N8d7 13. Nxd7 Nxd7 14. Bxd6 Qxd6 15. Rfe1 e5 16. dxe5 Nxe5 17. Nxe5 Qxe5 18. e4 d4 19. cxd4 Qxd4 20. Rad1 Qe5
21. b3 b6 22. Bc4 Bb7 23. Bd5 Bxd5 24. Rxd5 Qe6 25. Rd2 Re7 26. Qd3 Rae8 27. f3 f5 28. e5 Qg6 29. f4 Re6 30. Re3 Qf7
31. Qd5 g6 32. Red3 g5 33. g3 Kf8 34. Qc4 gxf4 35. gxf4 Rg6+ 36. Rg2 Rxg2+ 37. Kxg2 Qxc4 38. bxc4 Kf7 39. Rd7+ Re7 40. Rxe7+ Kxe7
41. Kf2 a6= 42. a4 Kd7 43. a5
1-0

[Event "Who wants to live forever? (<2000)"]
[Site "SchemingMind.com"]
[Date "2009.06.05"]
[Round "-"]
[White "staunton64"]
[Black "lea_dc"]
[Result "1-0"]
[WhiteCountry "FRA"]
[BlackCountry "ARG"]
[WhiteElo "1646"]
[WhiteRD "67"]
[BlackElo "1708"]
[BlackRD "90"]
[GameID "207402"]

1. c4 c5 2. g3 g6 3. Bg2 Bg7 4. Nc3 Nf6 5. e3 Nc6 6. Nge2 O-O 7. O-O e6 8. d4 cxd4 9. exd4 d6 10. Be3 Bd7
11. Qd2 Qc7 12. Bh6 Rac8 13. Bxg7 Kxg7 14. h4 Ne7 15. h5 Qxc4 16. h6+ Kg8 17. Qg5
1-0

[Event "Who wants to live forever? (<2000)"]
[Site "SchemingMind.com"]
[Date "2009.06.05"]
[Round "-"]
[White "aadaam"]
[Black "lea_dc"]
[Result "0-1"]
[WhiteCountry "INT"]
[BlackCountry "ARG"]
[WhiteElo "1748"]
[WhiteRD "47"]
[BlackElo "1708"]
[BlackRD "90"]
[GameID "207403"]

1. d4 d5 2. c4 e6 3. Nc3 Nf6 4. Bg5 Be7 5. e3 Nbd7 6. Nf3 O-O 7. Bd3 c6 8. O-O Qc7 9. Qc2 h6 10. Bf4 Bd6
11. Bxd6 Qxd6 12. c5 Qc7 13. b4 e5 14. dxe5 Nxe5 15. Nxe5 Qxe5 16. h3 Qg5 17. Kh2 Qh4 18. Ne2 g5 19. Bf5 g4 20. Bxc8 Raxc8
21. Qf5 gxh3 22. gxh3 Ne4 23. Rg1+ Kh8 24. Ng3 Ng5 25. Qf6+ Kh7 26. Raf1 Qxh3#
0-1

[Event "Who wants to live forever? (<2000)"]
[Site "SchemingMind.com"]
[Date "2009.06.05"]
[Round "-"]
[White "andu"]
[Black "lea_dc"]
[Result "1-0"]
[WhiteCountry "AUT"]
[BlackCountry "ARG"]
[WhiteElo "1669"]
[WhiteRD "64"]
[BlackElo "1721"]
[BlackRD "104"]
[GameID "207404"]

1. e4 e5 2. Nf3 Nc6 3. Bc4 Bc5 4. b4 Bxb4 5. c3 Ba5 6. d4 exd4 7. O-O Nge7 8. cxd4 d6 9. Ng5 O-O 10. Qh5 h6
11. Nxf7 Rxf7 12. Bxf7+ Kh8 13. Bxh6 Bg4 14. Qxg4 gxh6 15. Na3 Qf8 16. Qh5 Kg7 17. Bb3 Bb6 18. d5 Ne5 19. Rac1 Qf4 20. Qe2 Rg8
21. g3 Kh7 22. Kh1 Qf6 23. f4 N5g6 24. Nb5 Rg7 25. Nxc7
1-0

[Event "Who wants to live forever? (<2000)"]
[Site "SchemingMind.com"]
[Date "2009.06.05"]
[Round "-"]
[White "andu"]
[Black "PStuart"]
[Result "1/2-1/2"]
[WhiteCountry "AUT"]
[BlackCountry "USA"]
[WhiteElo "1669"]
[WhiteRD "64"]
[BlackElo "1667"]
[BlackRD "159"]
[GameID "207405"]

1. e4 d5 2. exd5 Qxd5 3. Nc3 Qa5 4. d4 Nf6 5. Nf3 Bf5 6. Bd2 c6 7. Bc4 e6 8. Ne2 Qd8 9. O-O Bd6 10. Re1 O-O
11. Bf4 Qc7 12. Bxd6 Qxd6 13. Ng3 Bg6 14. c3 Nbd7 15. Nh4 Rfe8 16. Nxg6 hxg6 17. Qf3 Nb6 18. Bd3 Rad8 19. Ne4 Nxe4 20. Rxe4 Qd5
21. Qh3 Qf5 22. Rg4 Qf6 23. Rh4 Kf8 24. Re1 Nd5 25. g3 Ke7 26. a3 Kd7 27. Re5 Kc8 28. Be4 Kb8 29. Rh7 Nb6 30. Bd3 Rd5
31. Re3 Rg8 32. g4 Rd7 33. Qg3+ Kc8 34. g5 Qd8 35. Be4 Qc7 36. Qxc7+ Kxc7 37. b3=
1/2-1/2

[Event "Who wants to live forever? (<2000)"]
[Site "SchemingMind.com"]
[Date "2009.06.05"]
[Round "-"]
[White "andu"]
[Black "staunton64"]
[Result "1-0"]
[WhiteCountry "AUT"]
[BlackCountry "FRA"]
[WhiteElo "1835"]
[WhiteRD "49"]
[BlackElo "1646"]
[BlackRD "67"]
[GameID "207406"]

1. e4 c5 2. Nf3 Nc6 3. d4 cxd4 4. Nxd4 Nf6 5. Nc3 e5 6. Ndb5 d6 7. Bg5 h6 8. Bxf6 gxf6 9. Nd5 Be6 10. Nbc7+ Kd7
11. Nxa8 Qxa8 12. Nxf6+ Kc7 13. Nd5+ Bxd5 14. Qxd5 Nd4 15. Qxf7+ Kb6 16. O-O-O Qc8 17. Bc4 h5 18. Qd5 a6 19. a4 Ka7 20. Rxd4 exd4
21. Qxd4+ Kb8 22. Bb3 Bh6+ 23. Kb1 Bf4 24. g3 Be5 25. Qb4 Rh7 26. f4 Bh8 27. Qxd6+ Ka8 28. Rd1 Ka7 29. f5 h4 30. g4 Rg7
31. Be6 Qc6 32. Qxc6 bxc6 33. Rd7+ Rxd7 34. Bxd7 Kb6 35. g5 Kc7 36. Be6 Kd6 37. a5 Be5 38. h3 c5 39. Bc4
1-0

[Event "Who wants to live forever? (<2000)"]
[Site "SchemingMind.com"]
[Date "2009.06.05"]
[Round "-"]
[White "lea_dc"]
[Black "andu"]
[Result "1-0"]
[WhiteCountry "ARG"]
[BlackCountry "AUT"]
[WhiteElo "1721"]
[WhiteRD "104"]
[BlackElo "1669"]
[BlackRD "64"]
[GameID "207408"]

1. e4 e5 2. Nf3 Nc6 3. Bb5 a6 4. Ba4 Nf6 5. O-O Be7 6. Re1 b5 7. Bb3 O-O 8. c3 d6 9. d4 Bg4 10. h3 Bxf3
11. gxf3 Qc8 12. Kh2 Rd8 13. f4 exd4 14. cxd4 d5 15. Nc3 dxe4 16. Nxe4 Rxd4 17. Qf3 Nxe4 18. Rxe4 Bf6 19. Be3 Qf5 20. Bxd4 Nxd4
21. Rxd4 Bxd4 22. Qxa8+
1-0

[Event "Who wants to live forever? (<2000)"]
[Site "SchemingMind.com"]
[Date "2009.06.05"]
[Round "-"]
[White "PStuart"]
[Black "andu"]
[Result "0-1"]
[WhiteCountry "USA"]
[BlackCountry "AUT"]
[WhiteElo "1667"]
[WhiteRD "159"]
[BlackElo "1669"]
[BlackRD "64"]
[GameID "207409"]

1. d4 Nf6 2. Nf3 e6 3. Bf4 d5 4. e3 Bd6 5. Bg3 O-O 6. Bd3 Nc6 7. c3 a6 8. Nbd2 Re8 9. Ne5 Bxe5 10. dxe5 Nd7
11. f4 Ne7 12. Qg4 Nc5 13. Bc2 Nf5 14. Qf3 Qe7 15. Bf2 Bd7 16. g4 Nh4 17. Qh3 Ng6 18. Nf3 Ba4 19. Bxg6 fxg6 20. O-O Ne4
21. Nd4 g5 22. Nf3 Bb5 23. Rfe1 Rf8 24. Bg3 Kh8 25. Rad1 b6 26. Qg2 h6 27. Qc2 gxf4 28. exf4 g5 29. Rxe4 dxe4 30. Qxe4 Qh7
31. Qe3 Qc2 32. Rd2 Qb1+
0-1

[Event "Who wants to live forever? (<2000)"]
[Site "SchemingMind.com"]
[Date "2009.06.05"]
[Round "-"]
[White "staunton64"]
[Black "andu"]
[Result "0-1"]
[WhiteCountry "FRA"]
[BlackCountry "AUT"]
[WhiteElo "1646"]
[WhiteRD "67"]
[BlackElo "1835"]
[BlackRD "49"]
[GameID "207410"]

1. c4 Nf6 2. g3 e5 3. Bg2 Bc5 4. Nc3 O-O 5. e3 Nc6 6. Nge2 Re8 7. O-O d6 8. d4 exd4 9. exd4 Bb6 10. Be3 Bg4
11. Qc2 Qe7 12. Nf4 Nxd4 13. Bxd4 Bxd4 14. Ncd5 Nxd5 15. Nxd5 Qe2 16. Qxe2 Rxe2 17. h3 Bf5 18. Rae1 Bxf2+ 19. Rxf2 Rxe1+ 20. Kh2 Rae8
21. Rxf5 R8e2 22. h4 Rxb2 23. Kh3 c6 24. Nf4 Rxa2 25. Nd3 Re3 26. Nf4 g6 27. Rf6 Raa3 28. Rxd6 Rxg3+ 29. Kh2 Rg4 30. h5 Rh4+
31. Kg1 Ra1+ 32. Kf2 Rxf4+ 33. Kg3 Rxc4 34. h6 f5 35. Rd8+ Kf7 36. Rd7+ Kf6 37. Rxh7 Ra3+ 38. Kf2 Rc2+ 39. Kg1 Rg3 40. Rxb7 Rgxg2+
41. Kf1 Rcf2+ 42. Ke1 Rh2 43. h7 Ra2
0-1

[Event "Who wants to live forever? (<2000)"]
[Site "SchemingMind.com"]
[Date "2009.06.05"]
[Round "-"]
[White "aadaam"]
[Black "andu"]
[Result "1-0"]
[WhiteCountry "INT"]
[BlackCountry "AUT"]
[WhiteElo "1677"]
[WhiteRD "50"]
[BlackElo "1669"]
[BlackRD "64"]
[GameID "207411"]

1. d4 Nf6 2. c4 e6 3. Nc3 Bb4 4. a3 Bxc3+ 5. bxc3 c5 6. e3 b6 7. Bd3 Bb7 8. f3 Nc6 9. Ne2 O-O 10. e4 d5
11. e5 Nd7 12. cxd5 exd5 13. O-O c4 14. Bc2 b5 15. f4 h6 16. f5 f6 17. e6 Nb6 18. Nf4 Ne7 19. Qh5 Qe8 20. Qg4 Na4
21. Nh5 g5 22. fxg6 f5 23. Qg3 Bc8 24. Bxh6 Qxg6 25. Qxg6+ Nxg6 26. Bxf8 Kxf8 27. Bxf5 Ne7 28. Bg6+ Kg8 29. Bf7+ Kh7 30. Rf3 Kh6
31. Raf1 Bxe6 32. Rf6+ Kg5 33. Rxe6 Nf5 34. Rg6+ Kxh5 35. Rxf5+
1-0

[Event "Who wants to live forever? (<2000)"]
[Site "SchemingMind.com"]
[Date "2009.06.06"]
[Round "-"]
[White "myghtyhill"]
[Black "PStuart"]
[Result "0-1"]
[WhiteCountry "CHN"]
[BlackCountry "USA"]
[WhiteElo "1661"]
[WhiteRD "83"]
[BlackElo "1838"]
[BlackRD "102"]
[GameID "207494"]

1. e4 c6 2. d4 d5 3. Nc3 dxe4 4. Nxe4 Bf5 5. Ng3 Bg6 6. Nf3 Nd7 7. Bc4 Qc7 8. O-O Ngf6 9. Qe2 e6 10. Re1 Be7
11. Ne5 Nxe5 12. dxe5 Nd5 13. Bxd5 cxd5 14. c3 O-O 15. Bf4 Bc5 16. Rac1 Rac8 17. h4 h6 18. h5 Bh7
0-1

[Event "Who wants to live forever? (<2000)"]
[Site "SchemingMind.com"]
[Date "2009.06.06"]
[Round "-"]
[White "myghtyhill"]
[Black "staunton64"]
[Result "0-1"]
[WhiteCountry "CHN"]
[BlackCountry "FRA"]
[WhiteElo "1591"]
[WhiteRD "75"]
[BlackElo "1669"]
[BlackRD "70"]
[GameID "207495"]

1. e4 c5 2. Nf3 Nc6 3. d4 cxd4 4. Nxd4 Nf6 5. Nc3 a6 6. Be3 d6 7. Be2 e6 8. O-O Be7 9. f4 O-O 10. Qd2 Nxd4
11. Bxd4 e5 12. fxe5 dxe5 13. Be3 Bg4 14. Bxg4 Nxg4 15. Rf5 Nxe3 16. Qxe3 b6 17. Rd1 Qxd1+ 18. Nxd1 Bc5 19. Qxc5 bxc5 20. Rxe5 Rfd8
21. Ne3 Rac8
0-1

[Event "Who wants to live forever? (<2000)"]
[Site "SchemingMind.com"]
[Date "2009.06.06"]
[Round "-"]
[White "myghtyhill"]
[Black "aadaam"]
[Result "0-1"]
[WhiteCountry "CHN"]
[BlackCountry "INT"]
[WhiteElo "1591"]
[WhiteRD "75"]
[BlackElo "1777"]
[BlackRD "50"]
[GameID "207496"]

1. d4 Nf6 2. c4 g6 3. Nc3 d5 4. Nf3 Bg7 5. Bg5 c6 6. e3 O-O 7. cxd5 cxd5 8. Bd3 Bg4 9. h3 Bxf3 10. gxf3 Nc6
11. h4 h6 12. Bf4 Nh5 13. Bh2 Rc8 14. a3 Nf6 15. Rg1 e6 16. Qc2 Ne7 17. Ke2 a6 18. Rg2 Nf5 19. Bxf5 exf5
0-1

[Event "Who wants to live forever? (<2000)"]
[Site "SchemingMind.com"]
[Date "2009.06.06"]
[Round "-"]
[White "myghtyhill"]
[Black "andu"]
[Result "0-1"]
[WhiteCountry "CHN"]
[BlackCountry "AUT"]
[WhiteElo "1591"]
[WhiteRD "75"]
[BlackElo "1892"]
[BlackRD "50"]
[GameID "207497"]

1. e4 e5 2. Nf3 Nc6 3. Bb5 Nf6 4. O-O Nxe4 5. d4 Nd6 6. Bxc6 dxc6 7. dxe5 Nf5 8. Bg5 Qxd1 9. Rxd1 Be7 10. Bxe7 Nxe7
11. Nc3 O-O 12. Rd2 Bg4 13. Rad1 Ng6 14. Re1 Bxf3 15. gxf3 Rad8 16. Rde2 Rfe8 17. e6 Nh4 18. exf7+ Kxf7 19. Re3 Rxe3 20. Rxe3 Rd2
21. h3 Rxc2 22. b3 Ng6 23. Kg2 Nf4+ 24. Kg3 Nd5
0-1

[Event "Who wants to live forever? (<2000)"]
[Site "SchemingMind.com"]
[Date "2009.06.06"]
[Round "-"]
[White "PStuart"]
[Black "myghtyhill"]
[Result "1-0"]
[WhiteCountry "USA"]
[BlackCountry "CHN"]
[WhiteElo "1838"]
[WhiteRD "102"]
[BlackElo "1661"]
[BlackRD "83"]
[GameID "207499"]

1. d4 d5 2. Nf3 Nc6 3. Bf4 Bf5 4. c3 h6 5. e3 e6 6. Bd3 Nf6 7. Qc2 Bxd3 8. Qxd3 Bd6 9. Nbd2 O-O 10. O-O Bxf4
11. exf4 Qd6 12. g3 Rad8 13. Ne5 Nh7 14. Ndf3 f6 15. Ng6 Rfe8 16. Rfe1 Nf8 17. Re3 e5 18. fxe5 fxe5 19. Ngxe5
1-0

[Event "Who wants to live forever? (<2000)"]
[Site "SchemingMind.com"]
[Date "2009.06.06"]
[Round "-"]
[White "staunton64"]
[Black "myghtyhill"]
[Result "1-0"]
[WhiteCountry "FRA"]
[BlackCountry "CHN"]
[WhiteElo "1669"]
[WhiteRD "70"]
[BlackElo "1591"]
[BlackRD "75"]
[GameID "207500"]

1. c4 e5 2. g3 Nc6 3. Bg2 Nf6 4. Nc3 Bc5 5. e3 d6 6. Nge2 Be6 7. d4 exd4 8. exd4 Bb4 9. d5 Bxd5 10. cxd5 Ne5
11. O-O O-O 12. Bg5 h6 13. Bxf6 Qxf6 14. Nf4 Bxc3 15. bxc3 Rfe8 16. Re1 Nc4 17. Rxe8+ Rxe8 18. Nh5 Qg5 19. h4
1-0

[Event "Who wants to live forever? (<2000)"]
[Site "SchemingMind.com"]
[Date "2009.06.07"]
[Round "-"]
[White "aadaam"]
[Black "myghtyhill"]
[Result "1-0"]
[WhiteCountry "INT"]
[BlackCountry "CHN"]
[WhiteElo "1777"]
[WhiteRD "50"]
[BlackElo "1591"]
[BlackRD "75"]
[GameID "207501"]

1. d4 d5 2. c4 c6 3. cxd5 cxd5 4. Nc3 Nf6 5. Nf3 Bf5 6. Bg5 e6 7. e3 Be7 8. Bd3 Bxd3 9. Qxd3 Nc6 10. O-O O-O
11. Rac1 h6 12. Bxf6 Bxf6 13. a3 Qd7 14. Rfd1 a6 15. Nd2 Rfd8 16. f3 g5 17. b4 Bg7 18. Ne2 Ne7 19. Rc2 Rac8 20. Rdc1 Rxc2
21. Rxc2 Rc8 22. Kf2 Rxc2 23. Qxc2 Qc6 24. Qb3 Nf5 25. a4
1-0

[Event "Who wants to live forever? (<2000)"]
[Site "SchemingMind.com"]
[Date "2009.06.06"]
[Round "-"]
[White "andu"]
[Black "myghtyhill"]
[Result "1-0"]
[WhiteCountry "AUT"]
[BlackCountry "CHN"]
[WhiteElo "1892"]
[WhiteRD "50"]
[BlackElo "1591"]
[BlackRD "75"]
[GameID "207502"]

1. e4 e5 2. Nf3 Nc6 3. Bc4 Bc5 4. O-O Nf6 5. d3 Na5 6. Nxe5 Nxc4 7. Nxc4 b5 8. Be3 Bxe3 9. Nxe3 O-O 10. e5 Ne8
11. Nc3 a6 12. d4 Bb7 13. a4 b4 14. Ncd5 Bxd5 15. Nxd5 a5 16. Qg4 c6 17. Ne3 h6 18. f4 d6 19. Rf3 c5 20. Nf5 dxe5
21. dxe5 Kh7 22. Rd3 Qb6 23. Rg3 g6 24. Nxh6 Kxh6 25. Rh3+
1-0

[Event "Who wants to live forever? (<2000)"]
[Site "SchemingMind.com"]
[Date "2009.06.08"]
[Round "-"]
[White "dadshane2000"]
[Black "lea_dc"]
[Result "1-0"]
[WhiteCountry "USA"]
[BlackCountry "ARG"]
[WhiteElo "1934"]
[WhiteRD "80"]
[BlackElo "1708"]
[BlackRD "90"]
[GameID "207505"]

1. e4 e5 2. Nf3 Nc6 3. Bb5 a6 4. Ba4 Nf6 5. d4 b5 6. Bb3 Be7 7. O-O d6 8. dxe5 dxe5 9. Qe2 O-O 10. h3 Bb7
11. Nc3 Bd6 12. Rd1 Qe7 13. Bg5 h6 14. Nd5 Qd8 15. Bxf6 gxf6 16. Nh4 Bc8 17. Qh5
1-0

[Event "Who wants to live forever? (<2000)"]
[Site "SchemingMind.com"]
[Date "2009.06.06"]
[Round "-"]
[White "dadshane2000"]
[Black "PStuart"]
[Result "1-0"]
[WhiteCountry "USA"]
[BlackCountry "USA"]
[WhiteElo "1934"]
[WhiteRD "80"]
[BlackElo "1838"]
[BlackRD "102"]
[GameID "207507"]

1. e4 c6 2. d4 d5 3. Nc3 dxe4 4. Nxe4 Bf5 5. Ng3 Bg6 6. h4 h6 7. h5 Bh7 8. Nf3 Nd7 9. Bd3 Bxd3 10. Qxd3 Qc7
11. Bd2 Ngf6 12. O-O-O e6 13. Ne4 Nxe4 14. Qxe4 Nf6 15. Qe2 O-O-O 16. g3 Bd6 17. c4 Rhe8 18. Kb1 c5 19. Bc3 Kb8 20. Ne5 Qe7
21. f4 Nd7 22. dxc5 Bxc5 23. Nxd7+ Rxd7 24. Rxd7 Qxd7 25. Rd1 Qe7 26. Qe5+
1-0

[Event "Who wants to live forever? (<2000)"]
[Site "SchemingMind.com"]
[Date "2009.06.06"]
[Round "-"]
[White "dadshane2000"]
[Black "staunton64"]
[Result "1-0"]
[WhiteCountry "USA"]
[BlackCountry "FRA"]
[WhiteElo "1954"]
[WhiteRD "81"]
[BlackElo "1669"]
[BlackRD "70"]
[GameID "207508"]

1. e4 c5 2. Nf3 Nc6 3. d4 cxd4 4. Nxd4 Nf6 5. Nc3 a6 6. Nxc6 bxc6 7. e5 Ng8 8. Qf3 e6 9. Bd3 Bb7 10. O-O g6
11. Bd2 Bg7 12. Rfe1 Nh6 13. Qh3 Nf5 14. Bxf5 exf5 15. Na4 O-O 16. Bb4 Re8 17. Bd6 Qa5 18. Nc5 Bxe5 19. Nxb7 Qb5 20. Bxe5 Qxb7
21. Qh6 Rxe5 22. Rxe5 Qxb2 23. Rae1 f6 24. Re7
1-0